| 000 | 01291cab a2200217 4500 | ||
|---|---|---|---|
| 001 | ##L135827 | ||
| 008 | 061212n2006 000 0 eng u | ||
| 035 | _a(Sirsi) u135827 | ||
| 041 | 0 | _aeng | |
| 110 | 2 |
_aUnited Kingdom _bDepartment of Trade and Industry |
|
| 245 | 0 | 0 |
_aOutput and employment in the construction industry _bthird quarter 2006 |
| 260 | _c2006 | ||
| 490 | 0 |
_aDTI Press Release _v4 December 2006 |
|
| 520 | _aConstruction output in the year to the third quarter 2006 remained unchanged compared to 2005. Output in the third quarter 2006 rose by 1% in volume and by 3% in current prices compared to the second quarter of 2006. New work in the year to the third quarter 2006 was 4% higher compared with the previous year and rose by 2% from the second to the third quarter 2006. The number of employees (seasonally adjusted) in employment in July 2006 was 1% higher compared with April 2006, but remained unchanged when compared with July 2005. | ||
| 590 | _aKA | ||
| 650 | 2 | 4 | _aDBERR OUTPUT AND EMPLOYMENT IN THE CONSTRUCTION INDUSTRY |
| 651 | 4 | _aGREAT BRITAIN | |
| 690 | _aBUILT ENVIRONMENT-CONSTRUCTION MARKET | ||
| 856 | 4 | 0 |
_uhttps://stats.bis.gov.uk/construction/output/200612/index.asp _zView the item free of charge at www.stats.bis.gov.uk website. |
| 942 | _n0 | ||
| 999 |
_c78021 _d78021 |
||